000 02233nam a2200325 i 4500
001 000017903
003 DO-SdBPM
005 20251125074945.0
007 ta
008 100407s2019 dr ac 000 0 spa d
020 _a9789945505054
040 _aDO-SdBPM
_bspa
_cBPMSU
_erda
_d
049 _a
082 4 _a972.9353
_bR696g 2019
_222
100 1 _aRodríguez, Carlos Rafael,
_eautor
_4aut.
245 1 0 _aGuaraguanó :
_bresumen histórico del municipio de Monción /
_cCarlos Rafael Rodríguez ; prólogo, Galindo Martínez.
250 _a2a. ed.
264 _aSanto Domingo :
_bCentenario,
_c2019
300 _a327 páginas :
_bilustraciones y retratos ;
_c22 cm.
336 _2rdacontent
_atexto
_btxt
337 _2rdamedia
_asin mediación
_bn
338 _2rdacarrier
_avolumen
_bnc
505 0 _aPrólogo --
_tIntroducción --
_tDivisión política de la isla --
_tOrigen de Guaraguanó --
_tLa mata de Guaraguanó --
_tSitio catastral de Guaraguanó --
_tFundación : primeros habitantes --
_tFormación del poblado de Guaraguanó --
_tSección de Guaraguanó --
_tEpisodios de la Restauración --
_tPuesto cantoral de Guaraguanó --
_tCambio de nombre. Puesto cantoral de Monción --
_tPuesto militar/Puesto cantoral --
_tMunicipio de Monción --
_tCreencias sobrenaturales y religiosas --
_tCarlos de Vargas --
_tEstudios geológicos --
_tCentro de minas --
_tPersonalidades --
_tPrimera iglesia --
_tLas fiestas patronales de San Antonio --
_tPartidos políticos --
_tVisitantes distinguidos --
_tEl club recreativo Guaraguanó --
_tDesarrollo cultural --
_tIndice de leyes y decretos sobre el municipio de Monción --
_tPresa de Monción --
_tEl Plan Sierra --
_tDeportes --
_tCooperativa de Ahorros y Préstamos Mamoncito --
_tAtractivos naturales --
_tComplejo agroindustrial/Federación Campesina Guaraguanó --
_tMilitares y policías --
_tPrimera carretera --
_tTelecomunicaciones --
_tPrimer acueducto --
_tPrimer hospital --
_tAlumbrado eléctrico .
590 _aInventariado, 2025/VM
650 7 _aCiudades y pueblos
_zMonción (República Dominicana : Municipio)
651 7 _aMonción (República Dominicana : Municipio)
700 1 _aMartínez, Galindo,
_eprólogo
910 _aVMateo V. Control de calidad. BPMSU
942 _2ddc
_cBK
999 _c15543
_d15543